UBT Library

Becker's world of the cell / (Record no. 39089)

000 -LEADER
fixed length control field 01093cam a22003494a 4500
001 - CONTROL NUMBER
control field 16485248
005 - DATE AND TIME OF LATEST TRANSACTION
control field 20171218080027.0
008 - FIXED-LENGTH DATA ELEMENTS--GENERAL INFORMATION
fixed length control field 100930s2012 maua b 001 0 eng
010 ## - LIBRARY OF CONGRESS CONTROL NUMBER
LC control number 2010041983
016 7# - NATIONAL BIBLIOGRAPHIC AGENCY CONTROL NUMBER
Record control number 101542613
Source DNLM
020 ## - INTERNATIONAL STANDARD BOOK NUMBER
International Standard Book Number 9780321716026 (student ed.)
020 ## - INTERNATIONAL STANDARD BOOK NUMBER
International Standard Book Number 0321716027 (student ed.)
020 ## - INTERNATIONAL STANDARD BOOK NUMBER
International Standard Book Number 9780321689627 (exam copy)
020 ## - INTERNATIONAL STANDARD BOOK NUMBER
International Standard Book Number 0321689623 (exam copy)
020 ## - INTERNATIONAL STANDARD BOOK NUMBER
International Standard Book Number 9780321689634 (Books al la Carte ed.)
020 ## - INTERNATIONAL STANDARD BOOK NUMBER
International Standard Book Number 0321689631 (Books al la Carte ed.)
035 ## - SYSTEM CONTROL NUMBER
System control number (OCoLC)ocn669122261
040 ## - CATALOGING SOURCE
Original cataloging agency DNLM/DLC
Transcribing agency DLC
Modifying agency YDX
-- NLM
-- YDXCP
-- BWX
-- CDX
-- DLC
041 ## - LANGUAGE CODE
Language code of text/sound track or separate title eng
042 ## - AUTHENTICATION CODE
Authentication code pcc
060 10 - NATIONAL LIBRARY OF MEDICINE CALL NUMBER
Classification number QU 375
080 ## - UNIVERSAL DECIMAL CLASSIFICATION NUMBER
Universal Decimal Classification number 571.6
082 00 - DEWEY DECIMAL CLASSIFICATION NUMBER
Classification number 571.6 HAR
Edition number 22
100 1# - Rafti
Rafti 11
101 ## - Shkurtesa
Shkurtesa BIO
245 10 - TITLE STATEMENT
Title Becker's world of the cell /
Statement of responsibility, etc Jeff Hardin, Gregory Bertoni, Lewis J. Kleinsmith.
246 30 - VARYING FORM OF TITLE
Title proper/short title World of the cell
504 ## - BIBLIOGRAPHY, ETC. NOTE
Bibliography, etc Includes bibliographical references and index.
906 ## - LOCAL DATA ELEMENT F, LDF (RLIN)
a 7
b cbc
c orignew
d 1
e ecip
f 20
g y-gencatlg
942 ## - ADDED ENTRY ELEMENTS (KOHA)
Source of classification or shelving scheme
Item type Books
Holdings
Withdrawn status Lost status Source of classification or shelving scheme Damaged status Not for loan Collection code Permanent location Current location Shelving location Date acquired Total Checkouts Full call number Barcode Date last seen Price effective from Koha item type
          Koleksioni i përgjithshem UBT - Lipjan UBT - Lipjan Koleksioni i përgjithshem 12/18/2017   571.6 HAR 002-2939627 12/18/2017 12/18/2017 Books
UBT Library © 2015-2024. All rights reserved University Education for Business and Technology